000 01231cam a22002774a 4500
001 14378373
005 20250118145057.0
008 060516s2007 nyua b 001 0 eng
020 _a007146476X (softcover)
020 _a9780071464765 (softcover)
050 0 0 _aR697.P45
_bA67 2007
082 0 0 _a610.73/72069076
_222
245 0 0 _aLange Q&A :
_bphysician assistant /
_c[edited by] Anthony A. Miller, Albert F. Simon.
250 _a5th ed.
260 _aNew York :
_bMcGraw-Hill Medical,
_cc2007.
300 _axv, 478 p. :
_bill. ;
_c28 cm.
500 _aRev. ed. of: Appleton & Lange's review for the physician assistant / [edited by] Anthony A. Miller, Albert F. Simon. 4th ed. c2002.
650 0 _aPhysicians' assistants
_vExaminations, questions, etc.
650 1 2 _aPhysician Assistants
_vExamination Questions.
700 1 _aMiller, Anthony A.
700 1 _aSimon, Albert F.
856 4 1 _3Table of contents only
_uhttp://www.loc.gov/catdir/toc/fy0708/2006048100.html
856 4 2 _3Contributor biographical information
_uhttp://www.loc.gov/catdir/enhancements/fy0661/2006048100-b.html
856 4 2 _3Publisher description
_uhttp://www.loc.gov/catdir/enhancements/fy0661/2006048100-d.html
942 _2lcc
_cBK
_e5th ed.
_n0
999 _c2675
_d2675